[Event "Skalica Open 2019"]
[Site "Skalica"]
[Date "2019.08.31"]
[Round "9.4"]
[White "Sahidi, Samir"]
[Black "Vykouk, Jan"]
[Result "1-0"]
[WhiteElo "2366"]
[BlackElo "2477"]
[Annotator "TA"]
[PlyCount "63"]
[EventDate "2019.08.25"]
[EventType "swiss"]
[EventCountry "SVK"]
[SourceTitle "playchess.com"]
[Source "ChessBase"]
[SourceQuality "1"]

{[%evp 16,67,0,0,22,5,0,-8,9,0,-5,-57,35,-11,39,38,31,23,27,39,81,75,156,160,164,108,217,83,400,217,228,212,200,205,199,172,239,183,637,557,1798,1743,2231,1927,29995,1994,1806,1761,29994,29992,29992,29993,29993,29994]} 1. e4 c5 2. Nf3 d6 3. d4 cxd4 4. Nxd4 Nf6 5. Nc3 a6 6. Bc4 e6 7. Bb3 Nbd7 8. Be3 Nc5 9. f3 Qc7 {B86: Sicilian Scheveningen/Najdorf: 6 Bc4, without early ...b5} 10. Qd2 b5 11. g4 Be7 {The position is equal.} (11... Bd7 12. g5 Nh5 13. Nce2 a5 14. c3 Nxb3 15. axb3 e5 16. Nc2 Qb7 {1-0 (43) Fernandez Guillen,E (2401)-Quesada Perez,L (2510) Merida 2018}) 12. g5 Nfd7 13. h4 ({White should try} 13. a3 $11) 13... Nb6 ({Black should play} 13... b4 $1 $15 14. Na4 Ne5) 14. O-O-O Bd7 15. a3 $1 Rb8 16. Kb1 Nca4 $146 ({Predecessor:} 16... Nc4 17. Qe2 Na4 18. Nxa4 Nxe3 19. Qxe3 bxa4 {0-1 (36) Ciocaltea,V-Bilek,I Havana 1965}) 17. Nde2 O-O 18. h5 Rfc8 {[#]} (18... Qb7 $142) 19. g6 $1 $16 Nc4 20. Bxc4 $1 Qxc4 (20... Nxc3+ $16 21. Nxc3 (21. Qxc3 Qxc4 22. gxh7+ Kh8 $11) 21... Qxc4) 21. Na2 (21. Bd4 $18) 21... Nb6 $2 {[%mdl 8192]} (21... Be8 $16 {is a better chance.}) 22. Rdg1 (22. Nb4 $142) 22... Bf6 $18 23. Bd4 {Hoping for Bxf6.} e5 24. Bxb6 Rxb6 25. Nb4 Be6 (25... Bc6 {was necessary.} 26. Nc3 Qe6 27. gxh7+ Kh8) 26. Nc3 Rb7 $2 (26... Qd4 27. Qxd4 exd4) 27. Nbd5 Bd8 {Black hopes to continue with ...fxg6.} 28. gxh7+ Kh8 {[#]} 29. Rxg7 $3 {[%mdl 512] White wants to mate with Rg8+.} Bxd5 (29... Kxg7 30. h8=Q+) 30. Rhg1 (30. Rg8+ $142 Kxh7 {[#]} 31. Rh8+ $1 {[%mdl 576] Deflection, Decoy} Kxh8 32. Qh6+ {[%mdl 64] Double Attack} Kg8 33. Rg1+ Bg5 34. Rxg5#) 30... f5 31. Qh6 {Intending Rg8+ and mate.} Bg5 {[#]} 32. R7xg5 {Played: Rg7-g8} 1-0

[Event "Skalica Open 2019"]
[Site "Skalica"]
[Date "2019.08.31"]
[Round "9.5"]
[White "Lanka, Zigurds"]
[Black "Aleksandrovskiy, Dmitriy"]
[Result "1/2-1/2"]
[WhiteElo "2395"]
[BlackElo "2284"]
[Annotator "TA"]
[PlyCount "149"]
[EventDate "2019.08.25"]
[EventType "swiss"]
[EventCountry "SVK"]
[SourceTitle "playchess.com"]
[Source "ChessBase"]
[SourceQuality "1"]

{[%evp 20,149,47,43,39,40,33,36,39,41,60,51,60,60,68,62,88,107,106,95,111,78,79,79,90,79,86,35,85,87,91,84,94,99,103,101,102,101,110,102,109,106,106,80,84,81,81,78,83,81,101,76,76,76,76,73,104,58,108,100,113,113,99,91,80,67,106,58,105,41,154,154,153,165,174,129,134,131,125,129,164,149,179,133,179,179,179,176,176,136,148,0,157,173,173,81,81,81,81,81,236,81,81,70,137,137,141,53,53,53,53,53,53,0,53,53,53,6,53,53,53,6,53,0,53,6,53,53,61,0,79,0]} 1. e4 c5 2. Nf3 Nc6 3. d4 cxd4 4. Nxd4 e6 5. Nc3 Nf6 6. Ndb5 Bb4 7. a3 Bxc3+ 8. Nxc3 d5 9. exd5 exd5 10. Bd3 d4 11. Qe2+ Be6 {B45: Sicilian Four Knights} 12. Ne4 $1 Nxe4 13. Qxe4 Qd5 {White is slightly better.} 14. Bf4 O-O-O (14... Rd8 15. Qxd5 Bxd5 16. f3 f6 17. Kd2 Kf7 18. Rae1 g5 19. Bc7 {½-½ (48) Puranik,A (2479)-Nasanjargal,U (2381) Pardubice 2017}) 15. O-O Qxe4 16. Bxe4 Bd5 17. Bd3 Rde8 $146 ({Predecessor:} 17... h6 18. Rfe1 Rhe8 19. h4 a6 20. f3 {½-½ (32) Wicklund Hansen,G (1843)-Perez,G (1895) LSS email 2009}) 18. f3 f6 19. Rfd1 g6 20. Bg3 Re7 21. Bh4 Rf8 22. Rd2 Ne5 23. Bf2 (23. Re1 $16) 23... Nxd3 24. Rxd3 Bc6 25. Rd2 Rd7 26. Bxd4 g5 27. c3 h5 28. Re2 Kc7 29. Rae1 ({Much weaker is} 29. Bxa7 $6 b6 $11) 29... b6 30. Re6 g4 31. fxg4 hxg4 32. Rf1 ({Of course not} 32. Bxf6 Rd2 $15) 32... f5 33. Rf4 Rff7 34. Kf2 Be4 35. h4 gxh3 36. gxh3 Rh7 37. h4 Bc2 38. Re3 Bd1 39. Re8 Bg4 40. Kg3 $1 Kc6 41. Rf2 Rh6 42. Rh2 Bd1 43. Rg8 Rf7 44. Kf4 (44. Rh1 $16 f4+ 45. Kf2) 44... Re6 (44... Rfh7 $14) 45. Kg5 $16 Re4 {Strongly threatening ...Rg4+.} 46. Rg6+ $1 Kd5 47. Rf6 Rg7+ 48. Kh6 Rgg4 49. h5 $1 Re6 50. Rg6 $1 Bf3 51. Rd2 Rexg6+ 52. hxg6 {[%mdl 4096] Endgame KRB-KRB} Ke6 53. Rh2 Be4 {intending ...f4.} 54. Rh5 Ke7 55. Kh7 (55. Kg7 $16) 55... Bb1 $2 (55... f4 $1 $11 56. Re5+ Kf8) 56. Rh1 $1 {[%cal Rh1b1]} Be4 57. Rg1 (57. Re1 $18 {is more deadly.}) 57... Rxg1 58. Bxg1 {g7 is the strong threat. KB-KB} f4 {Black wants to play ...Kf6.} 59. Kh6 f3 $2 {[#]} (59... Bd3 $16) 60. Kg5 $2 (60. c4 $1 $18) 60... Bd3 61. a4 Bc2 ({Better is} 61... Kf8 $14) 62. a5 $1 bxa5 {[#]} 63. Bxa7 (63. c4 $1 $16) 63... Bd3 $14 64. Bd4 a4 65. Kh6 Ke6 66. Kg5 Ke7 $1 67. Bf2 Ke6 68. Bc5 Bc2 69. Bd4 Bd3 70. Kh5 Ke7 71. Kg5 Ke6 72. Be3 Ke7 73. Bc5+ Ke6 74. Bd4 Ke7 $1 75. Bc5+ {Accuracy: White = 53%, Black = 49%.} ({White should try} 75. Bb6 $16) 1/2-1/2

[Event "Skalica Open 2019"]
[Site "Skalica"]
[Date "2019.08.31"]
[Round "9.6"]
[White "Istona, Martin"]
[Black "Czebe, Attila"]
[Result "1/2-1/2"]
[WhiteElo "2235"]
[BlackElo "2413"]
[Annotator "TA"]
[PlyCount "50"]
[EventDate "2019.08.25"]
[EventType "swiss"]
[EventCountry "SVK"]
[SourceTitle "playchess.com"]
[Source "ChessBase"]
[SourceQuality "1"]

{[%evp 12,50,18,4,26,25,34,0,0,5,5,5,0,12,10,0,34,32,29,14,33,25,51,25,25,25,25,25,25,20,25,25,25,25,25,25,27,29,27,18,33]} 1. e4 c5 2. Nf3 e6 3. d4 cxd4 4. Nxd4 a6 5. Nc3 Qc7 6. Bd3 Nf6 7. f4 b5 {B43: Sicilian: Kan Variation: 5 Nc3} (7... Bb4 8. Bd2 Bxc3 9. Bxc3 Qxf4 10. Qe2 Nc6 11. Rf1 Qh4+ 12. g3 Qg4 13. Nxc6 dxc6 14. Rxf6 Qxe2+ 15. Kxe2 gxf6 16. Bxf6 {1-0 (32) Grischuk,A (2766)-Caruana,F (2816) Leuven 2018}) 8. e5 b4 9. Ne4 Nxe4 10. Bxe4 Bb7 11. Qf3 Nc6 12. Nxc6 Bxc6 13. Bxc6 Qxc6 (13... dxc6 {feels hotter.} 14. O-O Be7 15. a3 bxa3 16. b3 Qb6+) 14. Qxc6 dxc6 {[#]} 15. Be3 $146 ({Predecessor:} 15. Ke2) 15... O-O-O 16. Ke2 Rd5 17. c4 bxc3 18. bxc3 g5 19. g3 gxf4 20. gxf4 Rb5 21. Rhb1 Rg8 22. Kf3 Be7 23. a4 Rxb1 24. Rxb1 {aiming for Rb6.} Bd8 $1 25. c4 Bc7 {Accuracy: White = 58%, Black = 59%.} 1/2-1/2

[Event "Skalica Open 2019"]
[Site "Skalica"]
[Date "2019.08.31"]
[Round "9.7"]
[White "Komliakov, Viktor"]
[Black "Gasa, Patrik"]
[Result "1-0"]
[WhiteElo "2366"]
[BlackElo "2187"]
[Annotator "TA"]
[PlyCount "53"]
[EventDate "2019.08.25"]
[EventType "swiss"]
[EventCountry "SVK"]
[SourceTitle "playchess.com"]
[Source "ChessBase"]
[SourceQuality "1"]

{[%evp 9,53,5,20,28,27,27,40,17,55,36,44,37,36,18,26,35,107,97,309,289,297,303,309,268,280,275,302,300,299,270,286,259,263,237,254,253,254,251,284,280,776,772,772,766,702,678]} 1. e4 c5 2. Nf3 e6 3. g3 Nc6 4. Bg2 Nf6 5. Qe2 d5 6. exd5 {B40: Sicilian: 2...e6, Unusual lines} Nxd5 7. O-O Be7 8. Rd1 {White is slightly better.} O-O 9. d4 cxd4 10. Nxd4 Nxd4 11. Rxd4 Bf6 12. Rd1 {[#] Strongly threatening c4.} Qb6 (12... b5 $14) 13. Nd2 $146 Be7 $2 (13... h6 $16) 14. Bxd5 $1 $18 exd5 15. Qxe7 Qc6 16. Qh4 Qxc2 17. Re1 Bf5 18. Nb3 Rfe8 19. Rxe8+ Rxe8 20. Be3 Qxb2 21. Qg5 Bh3 22. Qxd5 h6 23. Qh5 Rxe3 24. Qxh3 Rxb3 $2 (24... Rf3 25. Qc8+ Kh7) 25. Qc8+ {White is clearly winning.} Kh7 26. Qf5+ {[%mdl 64] [#] Double Attack} Kg8 27. Re1 {Accuracy: White = 86%, Black = 47%.} 1-0

[Event "Skalica Open 2019"]
[Site "Skalica"]
[Date "2019.08.31"]
[Round "9.8"]
[White "Husek, Martin"]
[Black "Jablonicky, Martin"]
[Result "0-1"]
[WhiteElo "2182"]
[BlackElo "2343"]
[Annotator "TA"]
[PlyCount "72"]
[EventDate "2019.08.25"]
[EventType "swiss"]
[EventCountry "SVK"]
[SourceTitle "playchess.com"]
[Source "ChessBase"]
[SourceQuality "1"]

{[%evp 24,74,26,27,14,17,33,14,25,0,3,-34,-39,-33,-25,-33,0,-12,0,-22,-33,-23,0,0,-10,-56,-28,-24,-10,-45,0,0,0,-38,0,0,0,0,0,0,0,0,0,-6070,-6175,-5246,-5181,-1938,-1577,-29988,-29989,-29989,-29989]} 1. e4 e5 2. Nf3 Nc6 3. Bb5 a6 4. Ba4 Nf6 5. O-O Be7 6. Re1 b5 7. Bb3 d6 8. a4 Bb7 9. c3 O-O 10. d3 Nb8 11. axb5 axb5 12. Rxa8 Bxa8 13. Nbd2 {[%cal Bb1d2,Bd2f1,Bf1g3,Bg3f5][%mdl 32]} Nbd7 {C88: Closed Ruy Lopez: Anti-Marshall Systems} (13... c5 14. Nf1 Qc7 15. Bg5 h6 16. Bxf6 Bxf6 17. Ne3 Nd7 18. Bd5 Rb8 19. Qb3 Bxd5 20. Nxd5 Qa7 21. g3 {½-½ (59) Kharchenko,B (2483)-Fedoseev,V (2668) Moscow 2015}) 14. Nf1 h6 15. Ng3 Re8 {The position is equal.} 16. Nf5 Bf8 $1 17. g4 $146 ({Predecessor:} 17. h3 d5 18. exd5 Nxd5 {1-0 (41) Morera Campos,H (1720)-Rodriguez Arrieta,M (1923) San Jose 2015}) 17... d5 {[%cal Rd5e4]} 18. g5 hxg5 19. Nxg5 g6 20. Ne3 Nc5 21. Bxd5 (21. Ba2 {is interesting.} Bh6 22. h4 Qd7 23. exd5 e4 24. d6) 21... Nxd5 22. Nxd5 Bxd5 23. exd5 Qxd5 24. Ne4 {[#] aiming for Nf6+.} Nxe4 25. dxe4 Qc6 26. Bg5 Re6 27. Qg4 Rd6 28. Re3 Qa8 29. Qh4 {Hoping for Rh3.} Qa1+ 30. Kg2 {Rh3 is the strong threat.} Bg7 {With the idea ...Rd1.} 31. Qg4 {Qc8+ would kill now.} ({Wrong is} 31. Rh3 $2 Rd1 $19) 31... f5 32. exf5 Rd1 $36 {[%mdl 2048] Black is pushing.} 33. Qh4 $2 {[%mdl 8192]} (33. Rg3 $11 Rg1+ 34. Kh3 Qf1+ 35. Kh4 Qxf2 36. fxg6 Qxh2+ 37. Qh3) 33... Rg1+ $19 34. Kf3 Qd1+ 35. Re2 Qd3+ 36. Be3 Qxf5+ 0-1

[Event "Skalica Open 2019"]
[Site "Skalica"]
[Date "2019.08.31"]
[Round "9.9"]
[White "Danada, Tomas"]
[Black "Matejovic, Juraj"]
[Result "1/2-1/2"]
[WhiteElo "2266"]
[BlackElo "2237"]
[Annotator "ChessBase"]
[PlyCount "75"]
[EventDate "2019.08.25"]
[EventType "swiss"]
[EventCountry "SVK"]
[SourceTitle "playchess.com"]
[Source "ChessBase"]
[SourceQuality "1"]
[TimeControl "40/5400+30:1800+30"]

1. e4 {[%emt 0:08:59]} c5 {[%emt 0:00:37]} 2. Nf3 {[%emt 0:00:04]} e6 {[%emt 0:00:19]} 3. d4 {[%emt 0:00:04]} cxd4 {[%emt 0:00:29]} 4. Nxd4 {[%emt 0:00:01]} Nc6 {[%emt 0:02:09]} 5. Nc3 {[%emt 0:00:11]} Nf6 {[%emt 0:00:34]} 6. Ndb5 {[%emt 0:00:39]} d6 {[%emt 0:00:30]} 7. Bf4 {[%emt 0:00:14]} e5 {[%emt 0:00:13]} 8. Bg5 {[%emt 0:00:04]} a6 {[%emt 0:01:36]} 9. Na3 {[%emt 0:00:02]} Be6 {[%emt 0:00:17]} 10. Nc4 {[%emt 0:01:48]} Rc8 {[%emt 0:00:42]} 11. Ne3 {[%emt 0:01:15]} Be7 {[%emt 0:01:50]} 12. Bxf6 {[%emt 0:07:40]} Bxf6 {[%emt 0:00:18]} 13. Ncd5 {[%emt 0:00:13]} Bg5 {[%emt 0:18:54]} 14. c3 {[%emt 0:05:49]} O-O {[%emt 0:27:33]} 15. Bc4 {[%emt 0:04:07]} g6 {[%emt 0:13:33]} 16. O-O {[%emt 0:03:50]} Kg7 {[%emt 0:01:11]} 17. Qe2 {[%emt 0:08:00]} Na5 {[%emt 0:10:32]} 18. Bd3 {[%emt 0:01:51]} f5 {[%emt 0:02:35]} 19. exf5 {[%emt 0:00:43]} gxf5 {[%emt 0:00:19]} 20. f4 {[%emt 0:02:31]} Bh6 {[%emt 0:01:37]} 21. Nxf5+ {[%emt 0:04:28]} Bxf5 {[%emt 0:01:05]} 22. Bxf5 {[%emt 0:00:27]} Rc5 {[%emt 0:00:25]} 23. Be6 {[%emt 0:04:01]} Nc4 {[%emt 0:01:01]} 24. b3 {[%emt 0:03:53]} Rxd5 {[%emt 0:01:12]} 25. bxc4 {[%emt 0:02:56]} Rc5 {[%emt 0:00:55]} 26. Rab1 {[%emt 0:01:12]} exf4 {[%emt 0:01:02]} 27. Rxb7+ {[%emt 0:02:25]} Rc7 {[%emt 0:00:09]} 28. Rfb1 {[%emt 0:02:00]} f3 {[%emt 0:01:56]} 29. gxf3 {[%emt 0:03:37]} Kh8 {[%emt 0:05:48]} 30. Rxc7 {[%emt 0:03:19]} Qxc7 {[%emt 0:00:06]} 31. Kh1 {[%emt 0:05:02]} Qg7 {[%emt 0:00:56]} 32. Qd3 {[%emt 0:02:16]} Bf4 {[%emt 0:00:28]} 33. Bd5 {[%emt 0:02:51]} Qh6 {[%emt 0:01:19]} 34. Qe2 {[%emt 0:00:31]} Qf6 {[%emt 0:01:19]} 35. Qg2 {[%emt 0:05:46]} Qxc3 {[%emt 0:02:20]} 36. Rg1 {[%emt 0:00:25]} h6 {[%emt 0:00:05]} 37. Qg6 {[%emt 0:07:53]} Qb2 {[%emt 0:00:16]} 38. Qg2 {[%emt 0:00:31]} 1/2-1/2

[Event "Skalica Open 2019"]
[Site "Skalica"]
[Date "2019.08.31"]
[Round "9.10"]
[White "Havelka, Ondrej"]
[Black "Karas, Marek"]
[Result "1/2-1/2"]
[WhiteElo "2112"]
[BlackElo "2233"]
[Annotator "NA"]
[PlyCount "80"]
[EventDate "2019.08.25"]
[EventType "swiss"]
[EventCountry "SVK"]
[SourceTitle "playchess.com"]
[Source "ChessBase"]
[SourceQuality "1"]
[TimeControl "40/5400+30:1800+30"]

1. d4 {[%emt 0:00:00]} Nf6 {[%emt 0:08:48]} 2. c4 {[%emt 0:00:00]} e6 {[%emt 0:00:43]} 3. Nc3 {[%emt 0:00:00]} Bb4 {[%emt 0:00:06]} 4. e3 {[%emt 0:00:00]} O-O {[%emt 0:00:09]} 5. Bd3 {[%emt 0:00:00]} d5 {[%emt 0:00:30]} 6. Nf3 {[%emt 0:00:00]} c5 {[%emt 0:00:40]} 7. O-O {[%emt 0:00:10]} Nc6 {[%emt 0:00:35]} 8. cxd5 {[%emt 0:00:32]} exd5 {[%emt 0:00:36]} 9. dxc5 {[%emt 0:00:05]} Bxc5 {[%emt 0:01:47]} 10. a3 {[%emt 0:00:05]} Bg4 {[%emt 0:02:35]} 11. b4 {[%emt 0:02:29] E56: Nimzo-Indian: Rubinstein: Main Line: 7...Nc6} (11. h3 Bh5 12. b4 Bd6 13. Bb2 Ne5 14. Be2 Nc4 15. Ra2 a5 16. Ba1 axb4 17. axb4 Rxa2 18. Nxa2 Be7 {½-½ (66) Rybko (2403)-Tatar (2501) playchess.com INT 2008}) 11... Bd6 {[%emt 0:04:33]} 12. Bb2 {[%emt 0:03:52]} Ne5 {[%emt 0:04:19]} 13. Be2 {[%emt 0:01:30]} Nc4 {[%emt 0:03:09]} 14. Qc2 $146 {[%emt 0:09:52]} ({Predecessor:} 14. Bxc4 dxc4 15. Qd4 Bxf3 16. gxf3 Rc8 17. Rad1 Bb8 18. Qh4 Qb6 {1-0 (35) Csomos,R (2196)-Kerekes,A (2136) Hungary 2011}) 14... Nxb2 {[%emt 0:04:37]} 15. Qxb2 {[%emt 0:02:51]} Rc8 {[%emt 0:02:59]} 16. Rfd1 {[%emt 0:01:26]} Bxf3 {[%emt 0:03:15]} 17. Bxf3 {[%emt 0:00:02]} Bxh2+ {[%emt 0:05:20]} 18. Kxh2 {[%emt 0:01:10]} Qc7+ {[%emt 0:00:10] Double Attack} 19. Kg1 {[%emt 0:01:26]} Qxc3 {[%emt 0:00:07]} 20. Qxc3 {[%emt 0:00:02]} Rxc3 {[%emt 0:00:08]} 21. Bxd5 {[%emt 0:00:40]} b6 {[%emt 0:00:24]} 22. Bf3 {[%emt 0:00:58]} Rfc8 {[%emt 0:03:27]} 23. a4 {[%emt 0:01:05]} R3c4 {[%emt 0:03:05]} 24. b5 {[%emt 0:00:29]} h5 $11 {[%emt 0:01:46]} 25. a5 {[%emt 0:00:30]} R8c5 {[%emt 0:02:43]} 26. Bc6 {[%emt 0:00:48]} g6 {[%emt 0:03:51]} 27. a6 {[%emt 0:01:33]} Kg7 {[%emt 0:02:33]} 28. Rd8 {[%emt 0:02:04]} Ng4 29. Rf1 {[%emt 0:00:20]} Ne5 {[%emt 0:02:22]} 30. Ra8 {[%emt 0:00:43]} Nxc6 {[%emt 0:00:21]} 31. bxc6 {[%emt 0:00:02]} Rxc6 {[%emt 0:00:21]} 32. Rxa7 {[%emt 0:00:02]} Ra4 {[%emt 0:00:14]} 33. Rb1 {[%emt 0:02:09]} Ra2 {[%emt 0:03:12]} 34. Ra8 {[%emt 0:00:30]} Rcc2 {[%emt 0:00:42]} 35. Rf1 {[%emt 0:00:10]} Rcb2 {[%emt 0:00:47]} 36. a7 {[%emt 0:00:30]} h4 {[%emt 0:02:10]} 37. Kh2 {[%emt 0:00:58]} g5 {[%emt 0:00:59]} 38. Kh3 {[%emt 0:00:37]} Ra4 {[%emt 0:01:26]} 39. g3 {[%emt 0:00:45]} Rba2 {[%emt 0:00:55]} 40. gxh4 {[%emt 0:01:08]} gxh4 {[%emt 0:00:45]} 1/2-1/2

[Event "Skalica Open 2019"]
[Site "Skalica"]
[Date "2019.08.31"]
[Round "9.11"]
[White "Bilczewski, Kacper"]
[Black "Kalisky, Vladimir"]
[Result "1-0"]
[WhiteElo "2116"]
[BlackElo "2179"]
[Annotator "ChessBase"]
[PlyCount "117"]
[EventDate "2019.08.25"]
[EventType "swiss"]
[EventCountry "SVK"]
[SourceTitle "playchess.com"]
[Source "ChessBase"]
[SourceQuality "1"]
[TimeControl "40/5400+30:1800+30"]

1. e4 {[%emt 0:00:00]} e5 {[%emt 0:00:00]} 2. Nf3 {[%emt 0:00:00]} Nc6 {[%emt 0:00:00]} 3. Bc4 {[%emt 0:03:14]} Bc5 {[%emt 0:00:21]} 4. c3 {[%emt 0:00:04]} Nf6 {[%emt 0:00:06]} 5. d3 {[%emt 0:00:03]} d6 {[%emt 0:00:35]} 6. O-O {[%emt 0:00:05]} h6 {[%emt 0:02:52]} 7. b4 {[%emt 0:00:33]} Bb6 {[%emt 0:00:06]} 8. a4 {[%emt 0:00:02]} a5 {[%emt 0:00:36]} 9. b5 {[%emt 0:00:07]} Ne7 {[%emt 0:00:07]} 10. Bb3 {[%emt 0:02:28]} O-O {[%emt 0:03:21]} 11. Nbd2 {[%emt 0:00:03]} c6 {[%emt 0:01:07]} 12. d4 {[%emt 0:14:22]} exd4 {[%emt 0:07:39]} 13. cxd4 {[%emt 0:00:04]} d5 {[%emt 0:00:13]} 14. e5 {[%emt 0:00:04]} Ne4 {[%emt 0:00:07]} 15. Qe2 {[%emt 0:03:44]} Bf5 {[%emt 0:09:19]} 16. Ba3 {[%emt 0:02:24]} Nxd2 {[%emt 0:13:41]} 17. Qxd2 {[%emt 0:00:21]} Qd7 {[%emt 0:08:53]} 18. bxc6 {[%emt 0:04:51]} bxc6 {[%emt 0:00:11]} 19. Rac1 {[%emt 0:00:03]} Rfc8 {[%emt 0:00:11]} 20. Rfd1 {[%emt 0:03:04]} Ng6 {[%emt 0:03:44]} 21. Bc5 {[%emt 0:16:19]} Bd8 {[%emt 0:00:10]} 22. Ba2 {[%emt 0:02:23]} Bg4 {[%emt 0:09:29]} 23. Rc3 {[%emt 0:01:39]} Bg5 {[%emt 0:01:29]} 24. Qc2 {[%emt 0:02:34]} Bf5 {[%emt 0:00:28]} 25. Qe2 {[%emt 0:02:44]} Nf4 {[%emt 0:01:02]} 26. Qf1 {[%emt 0:00:10]} Rcb8 {[%emt 0:04:55]} 27. Nxg5 {[%emt 0:00:33]} hxg5 {[%emt 0:00:02]} 28. Ba3 {[%emt 0:00:10]} Rb6 {[%emt 0:01:14]} 29. Qe1 {[%emt 0:04:49]} Rab8 {[%emt 0:00:50]} 30. Rg3 {[%emt 0:00:33]} Rb2 {[%emt 0:01:24]} 31. Bxb2 {[%emt 0:01:56]} Rxb2 {[%emt 0:00:03]} 32. Rd2 {[%emt 0:12:02]} Qb7 {[%emt 0:00:12]} 33. Qc1 {[%emt 0:01:21]} Ne2+ {[%emt 0:02:30]} 34. Rxe2 {[%emt 0:00:05]} Rxe2 {[%emt 0:00:06]} 35. Rb3 {[%emt 0:02:30]} Qa7 {[%emt 0:19:05]} 36. Rb2 {[%emt 0:04:50]} Rxb2 {[%emt 0:08:52]} 37. Qxb2 {[%emt 0:00:06]} g6 {[%emt 0:00:51]} 38. h3 {[%emt 0:01:22]} Kg7 {[%emt 0:00:35]} 39. Qc3 {[%emt 0:01:49]} Qb6 {[%emt 0:00:21]} 40. Bb3 {[%emt 0:00:07]} Qb4 {[%emt 0:02:23]} 41. Qxb4 {[%emt 0:31:39]} axb4 {[%emt 0:30:16]} 42. Kf1 {[%emt 0:00:11]} Bd3+ {[%emt 0:00:28]} 43. Ke1 {[%emt 0:00:10]} Kf8 {[%emt 0:00:45]} 44. Kd2 {[%emt 0:00:12]} Bf1 {[%emt 0:00:20]} 45. a5 {[%emt 0:00:51]} Ke7 {[%emt 0:00:00]} 46. Bd1 {[%emt 0:00:00]} Kd8 {[%emt 0:00:00]} 47. Kc2 {[%emt 0:00:00]} Bc4 {[%emt 0:00:00]} 48. Bg4 {[%emt 0:00:00]} Kc7 {[%emt 0:00:00]} 49. g3 {[%emt 0:00:00]} c5 {[%emt 0:00:00]} 50. dxc5 {[%emt 0:00:00]} Kc6 {[%emt 0:00:00]} 51. e6 {[%emt 0:00:00]} fxe6 {[%emt 0:00:00]} 52. Bxe6 {[%emt 0:00:00]} Kxc5 {[%emt 0:00:00]} 53. Bf7 {[%emt 0:00:00]} b3+ {[%emt 0:00:00]} 54. Kb2 {[%emt 0:00:00]} Kb5 {[%emt 0:00:00]} 55. Bxg6 {[%emt 0:00:00]} Kxa5 {[%emt 0:00:00]} 56. h4 {[%emt 0:00:00]} gxh4 {[%emt 0:04:26]} 57. gxh4 {[%emt 0:00:00]} Be2 {[%emt 0:00:59]} 58. Kxb3 {[%emt 0:00:00]} Kb5 {[%emt 0:00:15]} 59. h5 {[%emt 0:00:00]} 1-0

[Event "Skalica Open 2019"]
[Site "Skalica"]
[Date "2019.08.31"]
[Round "9.12"]
[White "Kantorik, Marian"]
[Black "Khmelev, Mikhail"]
[Result "1-0"]
[WhiteElo "2164"]
[BlackElo "2021"]
[Annotator "NA"]
[PlyCount "75"]
[EventDate "2019.08.25"]
[EventType "swiss"]
[EventCountry "SVK"]
[SourceTitle "playchess.com"]
[Source "ChessBase"]
[SourceQuality "1"]
[TimeControl "40/5400+30:1800+30"]

1. d4 {[%emt 0:09:39]} Nf6 {[%emt 0:00:00]} 2. c4 {[%emt 0:00:07]} e6 {[%emt 0:00:00]} 3. g3 {[%emt 0:00:22]} Bb4+ {[%emt 0:01:31]} 4. Nd2 {[%emt 0:00:17]} c5 {[%emt 0:00:19]} 5. Ngf3 {[%emt 0:02:05]} Nc6 {[%emt 0:00:06]} 6. dxc5 {[%emt 0:01:45]} Bxc5 {[%emt 0:00:05]} 7. e3 {[%emt 0:01:26]} O-O {[%emt 0:01:10]} 8. Bg2 {[%emt 0:00:16]} d5 {[%emt 0:04:48]} 9. O-O {[%emt 0:03:22]} Bb6 {[%emt 0:02:18]} 10. b3 {[%emt 0:02:27]} d4 {[%emt 0:00:08]} 11. exd4 {[%emt 0:00:23]} Nxd4 {[%emt 0:00:10]} 12. Bb2 {[%emt 0:00:28]} Nc6 {[%emt 0:03:36]} 13. Qe2 {[%emt 0:05:46]} Qe7 {[%emt 0:00:17]} 14. Rad1 {[%emt 0:02:03]} Re8 {[%emt 0:00:42]} 15. Ne5 {[%emt 0:04:21]} Nxe5 {[%emt 0:00:19]} 16. Bxe5 {[%emt 0:01:38]} Bc7 {[%emt 0:00:16]} 17. Bb2 {[%emt 0:06:41]} e5 {[%emt 0:00:38]} 18. h3 $14 {[%emt 0:01:19]} Bd7 {[%emt 0:01:03]} 19. Bxb7 {[%emt 0:01:33]} Bxh3 {[%emt 0:00:05]} 20. Rfe1 {[%emt 0:00:48]} Bg4 {[%emt 0:00:12]} 21. Bf3 {[%emt 0:01:05]} Bxf3 {[%emt 0:00:18]} 22. Qxf3 {[%emt 0:01:54]} Rad8 {[%emt 0:00:09]} 23. Ne4 {[%emt 0:02:19]} Bb6 {[%emt 0:00:18]} 24. Nxf6+ {[%emt 0:01:56]} Qxf6 {[%emt 0:00:05]} 25. Qxf6 {[%emt 0:00:29]} gxf6 {[%emt 0:00:03]} 26. a3 {[%emt 0:00:32]} Rxd1 {[%emt 0:04:24]} 27. Rxd1 {[%emt 0:00:25]} e4 {[%emt 0:00:01]} 28. b4 {[%emt 0:06:04]} e3 {[%emt 0:01:40]} 29. c5 {[%emt 0:00:34]} e2 {[%emt 0:01:34]} 30. Re1 {[%emt 0:00:16]} Bd8 {[%emt 0:00:09]} 31. Kg2 {[%emt 0:01:37]} Kf8 {[%emt 0:00:18]} 32. Kf3 {[%emt 0:00:09]} Re6 {[%emt 0:00:06]} 33. Rxe2 {[%emt 0:00:12]} Rc6 {[%emt 0:00:02]} 34. Ke4 {[%emt 0:04:47]} Ke7 {[%emt 0:00:10]} 35. Kd5+ {[%emt 0:00:39]} Kd7 {[%emt 0:00:02]} 36. b5 {[%emt 0:00:24]} Rc8 {[%emt 0:00:17]} 37. Bc3 {[%emt 0:02:20]} a5 {[%emt 0:00:42]} 38. c6+ {[%emt 0:00:55]} 1-0